| 000 | 01022nam a2200265 i 4500 | ||
|---|---|---|---|
| 001 | 114644 | ||
| 003 | ES-MaACL | ||
| 005 | 20231220180203.0 | ||
| 007 | t| | ||
| 008 | 070316s1961 sp |||| | spa d | ||
| 080 | _a811.161.1(076) | ||
| 100 | 1 |
_aChejov, Anton Pavlovich. _938315 |
|
| 245 | 1 | 3 |
_aEl violín de Rotschild / _cChejov ; traducido y anotado por María F. de Castro ; revisado por Victor Andresco. |
| 260 |
_aMadrid : _bSuarro, [J.L. Suárez Rodríguez, _c1961] |
||
| 300 |
_a31 p. ; _c16 cm. |
||
| 490 | 1 |
_aBiblioteca didáctica bilingüe. _aSerie D, Ruso ; _v1 |
|
| 546 | _aTexto en español y ruso. | ||
| 598 | _aBiblioteca didáctica bilingüe / dir. y ed., José Luis Suárez Rodríguez. | ||
| 700 | 1 |
_aCastro, María F. de. _936881 |
|
| 700 | 1 |
_aAndresco, Victor. _9181483 |
|
| 700 | 1 |
_aSuárez Rodríguez, José Luis, _d1931-2020 _9108655 |
|
| 830 | 0 |
_aBiblioteca didáctica bilingüe. _aSerie D, Ruso ; _v1 _9233257 |
|
| 852 |
_aES-MaACL _j2024-F-8 |
||
| 999 |
_c114644 _d114644 |
||